Sports Quiz

Random Sports or Athletes Quiz

Heavyweight Boxing Champions Quiz Stats

 Plays Quiz Updated Dec 18, 2018

     
Support Sporcle.
Go Orange.
Score 0/129 Timer 10:00
2 Plays Today
Start Boxer % Correct
25-Feb-64Cassius Clay (Ali)
95.9%
6-Feb-67Muhammad Ali
95.9%
30-Oct-74Muhammad Ali
95.9%
15-Sep-78Muhammad Ali
95.9%
22-Nov-86Mike Tyson
94.2%
7-Mar-87Mike Tyson
94.2%
1-Aug-87Mike Tyson
94.2%
13-Aug-89Mike Tyson
94.2%
16-Mar-96Mike Tyson
94.2%
7-Sep-96Mike Tyson
94.2%
22-Feb-2020Tyson Fury
86.8%
22-Jan-73George Foreman
84.9%
5-Nov-94George Foreman
84.9%
31-Mar-2018Anthony Joshua
80.7%
14-Dec-92Lennox Lewis
80.3%
7-Feb-97Lennox Lewis
80.3%
13-Nov-99Lennox Lewis
80.3%
17-Nov-01Lennox Lewis
80.3%
25-Oct-90Evander Holyfield
79.2%
6-Nov-93Evander Holyfield
79.2%
9-Nov-96Evander Holyfield
79.2%
8-Nov-97Evander Holyfield
79.2%
12-Aug-00Evander Holyfield
79.2%
16-Feb-70Joe Frazier
78%
29-April-2017Anthony Joshua
77.9%
4-Mar-68Joe Frazier
77.9%
28-Nov-2015Tyson Fury
76.8%
1-Jun-2019Andy Ruiz Jr.
76.3%
9-Apr-2016Anthony Joshua
74.4%
17-Jan-2015Deontay Wilder
67.9%
14-Oct-00Wladimir Klitschko
65.7%
22-Apr-06Wladimir Klitschko
65.7%
23-Feb-08Wladimir Klitschko
65.7%
26-Jun-99Vitali Klitschko
65.7%
24-Apr-04Vitali Klitschko
65.7%
11-Oct-08Vitali Klitschko
65.7%
23-Sep-52Rocky Marciano
64.3%
22-Jun-37Joe Louis
61.6%
26-Dec-1908Jack Johnson
57.5%
10-Feb-90James 'Buster' Douglas
55.9%
15-Feb-78Leon Spinks
55.1%
18-Mar-78Leon Spinks
55.1%
21-Sep-85Michael Spinks
54.7%
Start Boxer % Correct
25-Sep-62Sonny Liston
54.7%
9-Jun-78Larry Holmes
51%
11-Dec-83Larry Holmes
51%
10-Dec-2016Joseph Parker
50.5%
1-Mar-03Roy Jones Jr.
49.8%
4-Jul-1919Jack Dempsey
45.5%
13-Nov-92Riddick Bowe
44.7%
11-Mar-95Riddick Bowe
44.7%
12-Dec-86James 'Bonecrusher' Smith
43%
16-Jan-2016Charles Martin
42.1%
30-Nov-56Floyd Patterson
40%
20-Jun-60Floyd Patterson
40%
18-Mar-78Ken Norton
39.8%
2-Sep-95Frank Bruno
38.4%
3-Mar-01John Ruiz
37.7%
20-Feb-04John Ruiz
37.7%
22-Apr-01Hasim Rahman
35.1%
9-Nov-05Hasim Rahman
35.1%
17-Dec-05Nikolay Valuev
35%
30-Aug-08Nikolay Valuev
35%
27-Aug-11Alexander Povetkin
33.9%
14-Jun-34Max Baer
33.4%
15-May-92Michael Moorer
32.8%
22-Apr-94Michael Moorer
32.8%
22-Jun-96Michael Moorer
32.8%
13-Jun-35James J. Braddock
32.7%
12-Jun-30Max Schmeling
32.2%
25-Nov-2017Manuel Charr
31.3%
22-Mar-86Trevor Berbick
30.8%
21-May-2016Ruslan Chagaev
30.7%
06-Jul-2014Ruslan Chagaev
30.6%
29-Aug-1885John L. Sullivan
30.4%
7-Jun-93Tommy Morrison
30%
7-Nov-09David Haye
29.9%
23-Sep-1926Gene Tunney
29.5%
10-May-2014Bermaine Stiverne
29.3%
5-Mar-2016Lucas Browne
27.6%
18-Jul-51Jersey Joe Walcott
26.6%
24-Sep-94Oliver McCall
25.9%
22-Jun-49Ezzard Charles
25.7%
27-Sep-50Ezzard Charles
25.7%
29-Jan-2021Trevor Bryan
25%
4-Nov-06Shannon Briggs
24.9%
Start Boxer % Correct
7-Sep-1892James J. Corbett
24.8%
26-Jun-59Ingemar Johansson
24%
1-Apr-00Chris Byrd
23.3%
14-Dec-02Chris Byrd
23.3%
31-Aug-84Pinklon Thomas
23%
14-Nov-92Pinklon Thomas
22.8%
9-Mar-84Tim Witherspoon
22.6%
17-Jan-86Tim Witherspoon
22.6%
29-Jun-33Primo Carnera
22.4%
15-Apr-07Ruslan Chagaev
22.3%
7-Feb-09Ruslan Chagaev
22.3%
17-Mar-1897Bob Fitzsimmons
22.2%
19-Mar-94Herbie Hide
22.1%
28-Jun-97Herbie Hide
22.1%
8-Mar-08Samuel Peter
21.8%
9-Jun-1899James J. Jeffries
21%
30-May-87Tony Tucker
20%
11-Jan-91Ray Mercer
19.9%
5-Apr-1915Jess Willard
19.7%
29-Apr-85Tony Tubbs
19.6%
8-Mar-03Corrie Sanders
19.2%
28-Apr-68Jimmy Ellis
19.1%
23-Feb-1906Tommy Burns
18.2%
21-Jun-32Jack Sharkey
17.9%
10-Apr-04Lamon Brewster
16.6%
10-Dec-82Michael Dokes
16.4%
5-Mar-65Ernie Terrell
16%
3-Jul-1905Marvin Hart
16%
31-Mar-80Mike Weaver
15.9%
29-Jun-96Henry Akinwande
15.8%
23-Sep-83Gerrie Coetzee
15.6%
20-Oct-79John Tate
15.4%
2-Jun-07Sultan Ibragimov
15.2%
1-Dec-84Greg Page
15.1%
8-Apr-95Bruce Seldon
15.1%
13-Aug-06Oleg Maskaev
14.3%
29-Oct-93Michael Bentt
13.7%
6-May-89Francesco Damiani
12.1%
6-Jun-50Lee Savold
11.6%
29-Oct-94Jimmy Thunder
11.2%
1-Apr-06Sergei Liakhovich
11.1%
12-Jan-96Brian Nielsen
10.7%
04-Aug-94Danell Nicholson
8.4%

From the Vault

Click Through the Maze II

by goc3

Don't forget to pack your unbreakable golden thread.
Remove Ads.
Support Sporcle.
Get the best of Sporcle when you Go Orange. This ad-free experience offers more features, more stats, and more fun while also helping to support Sporcle. Thank you for becoming a member.

Show Comments

Extras

Top Quizzes Today


Score Distribution

Your Account Isn't Verified!

In order to create a playlist on Sporcle, you need to verify the email address you used during registration. Go to your Sporcle Settings to finish the process.

Report this User

Report this user for behavior that violates our Community Guidelines.

Details: